00403nam a2200157Ia 4500008004100000100002300041245005000064245002200114260002000136260000900156300001600165440002000181650001900201650001100220650001400231190516s9999 xx 000 0 und d aHermoso, Christina aChurch needs to step up campaign vs HIV/AIDS/ cChristina Hermoso bManila Bulletin c2016 aNovember 18 aManila Bulletin aAIDS (disease) ahealth aHIV virus